المفهومات الأخلاقية الدينية في القرآن / (رقم التسجيلة. 27401)

تفاصيل مارك
000 -الفاتح
حقل البيانات ثابتة الطول 00936nam a22002297a 4500
003 - محدد رقم الضبط
رقم الضبط OSt
005 - وقت وتاريخ اخر تعامل مع التسجيلة
رقم الضبط 20150408114114.0
008 - عناصر البيانات ثابتة الطول - معلومات عامة
حقل البيانات ثابتة الطول 130202s2012 sy ||||g b 00| 0 ara d
040 ## - مصدر الفهرسة
وكالة الفهرسة الأصلية MU
لغة الفهرسة ara
082 04 - رقم تصنيف ديوى العشرى
رقم الطبعة 21
رقم التصنيف 212
رقم المادة إ ت م
100 1# - المدخل الرئيسى - إسم شخصى
الإسم الشخصى إيزوتسو، توشيهيكو،
التواريخ المصاحبة للاسم 1914-1993
9 (RLIN) 20396
245 12 - بيان العنوان
العنوان المفهومات الأخلاقية الدينية في القرآن /
بيان المسئوليه,etc توشي هيكو إيزوتسو ؛ ترجمة عيسى علي العاكوب.
250 ## - بيان الطبعة
بيان الطبعة ط. 1.
260 ## - PUBLICATION, DISTRIBUTION, ETC. (IMPRINT)
مكان الناشر او الموزع حلب، سوريا :
-- حولي، الكويت،
اسم الناشر او الموزع دار الملتقى ؛
-- دار الشروق،
تاريخ النشر أو التوزيع 2012.
300 ## - الوصف المادى
التعداد 406 ص. ؛
أبعاد الوعاء 24 سم.
504 ## - تبصرة ببليوجرافية
تبصرة ببليوجرافية,الخ ببليوجرافية : ص. 405-406.
650 #4 - المدخل الاضافى بالموضوع-مصطلح موضوعى
مصطلح موضوعي أو اسم جغرافي كعنصر مدخل الأخلاق الإسلامية.
650 #4 - المدخل الاضافى بالموضوع-مصطلح موضوعى
مصطلح موضوعي أو اسم جغرافي كعنصر مدخل القرآن والتربية.
9 (RLIN) 15339
650 #4 - المدخل الاضافى بالموضوع-مصطلح موضوعى
مصطلح موضوعي أو اسم جغرافي كعنصر مدخل التربية الإسلامية.
700 1# - المدخل الاضافى - اسم شخصى
الإسم الشخصى العاكوب، عيسى علي
الدور مترجم.
9 (RLIN) 20397
942 ## - عناصر المدخل الإضافي( كوها)
مصدر التصنيف او مخطط الترفيف Dewey Decimal Classification
Koha [default] item type DVD
المقتنيات
حالة الفقد نموذج السعر الفعال حالة تلف ليس للاعارة رقم الطلب رقم النسخة تاريخ الاكتساب الموقع الحالي الباركود الفرع الرئيسي Date last seen نوع المادة فى نظام كوها مصدر التصنيف او خطة الترفيف Total Checkouts
  2013-03-10     212 إ ت م ن 1 2013-02-02 المكتبة المركزية بالمجمعة (CL) 00106091 المكتبة المركزية بالمجمعة (CL) 2013-03-10 كتاب Dewey Decimal Classification  
  2013-03-10     212 إ ت م ن 2 2013-02-02 المكتبة المركزية بالمجمعة (CL) 00106090 المكتبة المركزية بالمجمعة (CL) 2013-03-10 كتاب Dewey Decimal Classification  
  2013-03-10     212 إ ت م ن 3 2013-02-02 المكتبة المركزية بالمجمعة (CL) 00106089 المكتبة المركزية بالمجمعة (CL) 2013-03-10 كتاب Dewey Decimal Classification  
  2013-03-10     212 إ ت م ن 1 2013-02-03 مكتبة كلية العلوم و الدراسات الإنسانية برماح - طالبات (SRF) 00106086 مكتبة كلية العلوم و الدراسات الإنسانية برماح - طالبات (SRF) 2013-03-10 كتاب Dewey Decimal Classification  
  2013-03-10     212 إ ت م ن 2 2013-02-03 مكتبة كلية العلوم و الدراسات الإنسانية برماح - طالبات (SRF) 00106085 مكتبة كلية العلوم و الدراسات الإنسانية برماح - طالبات (SRF) 2013-03-10 كتاب Dewey Decimal Classification  
  2013-03-10     212 إ ت م ن 1 2013-02-03 مكتبة كلية العلوم و الدراسات الإنسانية برماح - طلاب (SRM) 00106084 مكتبة كلية العلوم و الدراسات الإنسانية برماح - طلاب (SRM) 2013-03-10 كتاب Dewey Decimal Classification  
  2013-03-10     212 إ ت م ن 2 2013-02-03 مكتبة كلية العلوم و الدراسات الإنسانية برماح - طلاب (SRM) 00106083 مكتبة كلية العلوم و الدراسات الإنسانية برماح - طلاب (SRM) 2013-03-10 كتاب Dewey Decimal Classification  
  2013-03-10     212 إ ت م ن 1 2013-02-02 مكتبة مجمع الكليات بالزلفى - طلاب (SZM) 00106088 مكتبة مجمع الكليات بالزلفى - طلاب (SZM) 2013-03-10 كتاب Dewey Decimal Classification  
  2013-03-10     212 إ ت م ن 2 2013-02-02 مكتبة مجمع الكليات بالزلفى - طلاب (SZM) 00106087 مكتبة مجمع الكليات بالزلفى - طلاب (SZM) 2013-03-10 كتاب Dewey Decimal Classification